Marketing of cotton textiles in Akola district with special reference to distribution and consumption patterns (Record no. 16857)
[ view plain ]
| 000 -LEADER | |
|---|---|
| fixed length control field | 00525nam a2200157Ia 4500 |
| 082 ## - DEWEY DECIMAL CLASSIFICATION NUMBER | |
| Classification number | TS.0582 |
| 100 ## - MAIN ENTRY--AUTHOR NAME | |
| Personal name | Shah, N.M. |
| 245 #0 - TITLE STATEMENT | |
| Title | Marketing of cotton textiles in Akola district with special reference to distribution and consumption patterns |
| 260 ## - PUBLICATION, DISTRIBUTION, ETC. (IMPRINT) | |
| Year of publication | 1972 |
| Name of publisher | Nagpur University |
| 300 ## - PHYSICAL DESCRIPTION | |
| Number of Pages | 448p. + C D - 58 |
| 650 ## - SUBJECT ADDED ENTRY--TOPICAL TERM | |
| Topical Term | TEXTILES, COTTON//COTTON TEXTILES |
| 650 ## - SUBJECT ADDED ENTRY--TOPICAL TERM | |
| Topical Term | COTTON///COTTON TEXTILES |
| 650 ## - SUBJECT ADDED ENTRY--TOPICAL TERM | |
| Topical Term | COTTON TEXTILES - MARKETING - MAHARASHTRA - AKOLA DISTRICT |
| 710 ## - ADDED ENTRY--CORPORATE NAME | |
| Corporate name or jurisdiction name as entry element | Bokare, M.G. |
| 942 ## - ADDED ENTRY ELEMENTS (KOHA) | |
| Koha item type | Thesis |
| Source of classification or shelving scheme | Dewey Decimal Classification |
| Withdrawn status | Lost status | Damaged status | Not for loan | Home library | Current library | Date acquired | Full call number | Accession Number | Price effective from | Koha item type |
|---|---|---|---|---|---|---|---|---|---|---|
| NASSDOC Library | NASSDOC Library | 08/10/2004 | TS.0582 | 6378 | 18/04/2019 | Thesis |
